System of measurement of building work in Rhodesia (Record no. 96210)

MARC details
000 -LEADER
fixed length control field 00565cam a2200205 4500
001 - CONTROL NUMBER
control field D5935
008 - FIXED-LENGTH DATA ELEMENTS--GENERAL INFORMATION
fixed length control field 090401t1975 xxu||||| |||| 00| 0 eng d
035 ## - SYSTEM CONTROL NUMBER
System control number (Sirsi) u76588
041 ## - LANGUAGE CODE
Language code of text/sound track or separate title eng
050 ## - LIBRARY OF CONGRESS CALL NUMBER
Classification number 692.3096891
110 ## - MAIN ENTRY--CORPORATE NAME
Corporate name or jurisdiction name as entry element The Institute of Rhodesian Quantity Surveyors
9 (RLIN) 2521
245 ## - TITLE STATEMENT
Title System of measurement of building work in Rhodesia
250 ## - EDITION STATEMENT
Edition statement 2nd
260 ## - PUBLICATION, DISTRIBUTION, ETC.
Place of publication, distribution, etc. Salisbury
Name of publisher, distributor, etc. The Institute of Rhodesian Quantity Surv
Date of publication, distribution, etc. 1975
300 ## - PHYSICAL DESCRIPTION
Extent i. 122p. 22cm
350 ## - PRICE (NR) (BK AM CF MU VM SE) [OBSOLETE]
Price 0
520 ## - SUMMARY, ETC.
Summary, etc. Filed at SMM 1975/2BC
942 ## - ADDED ENTRY ELEMENTS (KOHA)
Suppress in OPAC 0
948 ## - LOCAL PROCESSING INFORMATION (OCLC); SERIES PART DESIGNATOR (RLIN)
c (OCLC) 04/03/1997
Holdings
Withdrawn status Lost status Source of classification or shelving scheme Damaged status Not for loan Home library Current library Shelving location Date acquired Total Checkouts Full call number Barcode Date last seen Copy number Price effective from Koha item type
    Other/Generic Classification Scheme     London London Gallery 15/01/1992   SMM 1975/2 30032257 06/08/2019 1 06/08/2019 Reference material
    Other/Generic Classification Scheme     London London Gallery 15/01/1992   SMM 1975/2 30032261 06/08/2019 2 06/08/2019 Book